Statistics for World's Biggest Airlines Quiz

Click here to take the quiz!

General Stats

  • This quiz has been taken 57,016 times
    (19,446 since last reset)
  • The average score is 13 of 28

Answer Stats

Passengers Continent Airline % Correct
200 mNorth AmericaAmerican Airlines
88%
105 mEuropeBritish Airways-Iberia
83%
99 mEuropeAir France-KLM
80%
130 mEuropeLufthansa
79%
186 mNorth AmericaDelta
79%
148 mNorth AmericaUnited
73%
59 mAsiaEmirates
72%
49 mOceaniaQantas
70%
101 mAsiaAir China
69%
129 mEuropeRyanair
65%
158 mNorth AmericaSouthwest
60%
42 mAsiaJapan Airlines
55%
48 mNorth AmericaAir Canada
53%
82 mEuropeEasyJet
43%
69 mAsiaTurkish
41%
35 mAsiaCathay Pacific
38%
50 mEuropeAeroflot
37%
63 mAsiaAir Asia
32%
40 mNorth AmericaJetBlue
32%
44 mNorth AmericaAlaska
29%
49 mAsiaAll Nippon
28%
67 mSouth AmericaLATAM
27%
126 mAsiaChina Southern
25%
110 mAsiaChina Eastern
22%
36 mAsiaGaruda Indonesia
13%
53 mAsiaLion Air
12%
72 mAsiaHainan Airlines
9%
49 mAsiaIndiGo
7%

Score Distribution

Percentile by Number Answered

Percent of People with Each Score

Your Score History

You have not taken this quiz since the last reset